000 00802nam a2200289Ia 4500
005 20260324120424.0
008 008 260324s9999 xx 000 0 eng d
020 _a9781315574202
037 _aEBOOK
040 _aCRL
040 _beng
040 _cCRL
041 _2eng
041 _aeng
084 _qCRL
100 _aArietta Papaconstantinou; Daniel L. Schwartz
_91158503
245 0 _aConversion in Late Antiquity: Christianity, Islam, and Beyond
245 0 _bPapers from the Andrew W. Mellon Foundation Sawyer Seminar, University of Oxford, 2009-2010
260 _bTaylor and Francis
260 _c2015
365 _a
365 _b230
856 _uhttp://www.taylorfrancis.com/books/9781315574202
942 _cEBOOK
999 _c1750027
_d1750027